Sports Quiz

Random Sports or Hockey Quiz

New Jersey Devils: Assists in a Season Quiz Stats

 Plays Quiz not verified by Sporcle

Score 0/20 Timer 04:00
0 Plays Today
Assists Player Name % Correct
56Patrik Elias
95.5%
48Patrik Elias
95.5%
47Patrik Elias
95.5%
60Scott Stevens
91%
56Scott Gomez
91%
51Scott Gomez
91%
51Scott Gomez
91%
49Scott Gomez
91%
47Scott Gomez
91%
49Zach Parise
88.8%
Assists Player Name % Correct
57Kirk Muller
70.8%
56Kirk Muller
70.8%
51Kirk Muller
70.8%
50Kirk Muller
70.8%
47Brian Rafalski
57.3%
51Claude Lemieux
49.4%
57Aaron Broten
44.9%
53Aaron Broten
44.9%
49Patrik Sundstrom
29.2%
50Tom Kurvers
11.2%

You're not logged in!

Compare scores with friends on all Sporcle quizzes.
OR
Log In

Show Comments

Extras

Top Quizzes Today


Score Distribution

Your Account Isn't Verified!

In order to create a playlist on Sporcle, you need to verify the email address you used during registration. Go to your Sporcle Settings to finish the process.

Report this User

Report this user for behavior that violates our Community Guidelines.

Details: